00943nam a22002657a 4500003000500000005001700005008004100022010001100063011001100074020001500085035001100100040000900111082001500120245014500135260005100280300002700331490003300358500007400391650003200465700002700497700003600524700002100560711006300581830003300644CHAP20220329143759.0110811s2004 us b rn 00010 eng d a101804 a102776 a0195076516 a113465 cCHAP10a634.9bN4204aNew vistas in agroforestry :ba compendium for the 1st World Congress of Agroforestry, 2004c/editado por P.K.R. Nair, M.R. Rao, y L.E. Buck aDordrecht :bKluwer Academic Publishers,c2004 a480 p. :bilus., mapas 0aAdvances in agroecologyv; 1 aReprinted from the journal agroforestry systems, volumes 61 & 62 200414aAgroforesteríaxCongreso.0 aBuck, Louise E.e, ed.0 aNair, P. K. Ramachandrane, ed.1 aRao, M.R.e, ed.22aWorld Congress of Agroforestryd(2004 :cOrlando, Florida)00aAdvances in agroecologyv; 1